00347nam a2200109Ia 4500008004100000245010000041260004900141260000900190300001000199500001200209650001600221170224s9999 xx 000 0 und d aFailures to change stimulus evaluations by means of subliminal approach and avoidance training. bJournal of Personality and Social Psychology c2016 a110:1 aJanuary xPsychology.